Najbogatsze Marki samochodów - Statystyki

Ogólne statystyki
  • Ten quiz został rozwiązany 558 razy
  • Średni wynik to 7 z 10
Statystyki odpowiedzi
Wartość Kraj Samochód % Poprawnych
23,1 MLD $ Niemcy BMW
92%
22,8 MLD Niemcy Audi
89%
34,5 MLD $ Niemcy Mercedes
87%
19,8 MLD $ Czechy Skoda
75%
24,9 MLD $ Japonia Toyota
74%
24,4 MLD $ USA Ford
67%
21 MLD $ Francja Peugeot
59%
26,9 MLD $ Niemcy Opel
57%
22,1 MLD $ Francja Renault
55%
28,1 MLD $ Niemcy Volksvagen
10%
Nie znaleziono quizów pasujących do podanych kryteriów
Rozkład punktacji
Procent ludzi z każdym wynikiem
Percentyl według liczby udzielonych odpowiedzi
Twoja historia wyników
Nie rozwiązałeś tego quizu